| 000 | 00620nam a2200181 a 4500 | ||
|---|---|---|---|
| 001 | 000046645 | ||
| 005 | 20230331073628.0 | ||
| 008 | 090827s20uu dr 000 0 spa d | ||
| 020 | _a9789945904284 | ||
| 040 |
_aDO-SdBNP _bspa _cBNPHU |
||
| 082 |
_axxxx _bH557d |
||
| 100 |
_aHernández Rueda, Lupo, _d1930-2017 _923790 |
||
| 245 | 1 | 3 |
_aEl despido y jurisprudencias / _cLupo Hernández Rueda. |
| 260 |
_aMoca, República Dominicana : _bDalis, _c[20--]. |
||
| 300 |
_a228 p. ; _c21 cm. |
||
| 500 | _aEste libro es parte de una obra inédita del autor denominada El Contrato de Trabajo. | ||
| 590 | _aInventariado, 2018/ YL | ||
| 999 |
_c46134 _d46134 |
||